| 000 -LEADER |
| fixed length control field |
02890cam a2200385 i 4500 |
| 001 - CONTROL NUMBER |
| control field |
.b60634649 |
| 003 - CONTROL NUMBER IDENTIFIER |
| control field |
OCoLC |
| 005 - DATE AND TIME OF LATEST TRANSACTION |
| control field |
20250806112744.0 |
| 008 - FIXED-LENGTH DATA ELEMENTS--GENERAL INFORMATION |
| fixed length control field |
170206t20172017nyu 000 d eng |
| 010 ## - LIBRARY OF CONGRESS CONTROL NUMBER |
| LC control number |
2017000957 |
| 020 ## - INTERNATIONAL STANDARD BOOK NUMBER |
| International Standard Book Number |
9781848428188 |
| Qualifying information |
(paperback) |
| 040 ## - CATALOGING SOURCE |
| Original cataloging agency |
DLC |
| Language of cataloging |
eng |
| Description conventions |
rda |
| Transcribing agency |
DLC |
| Modifying agency |
BTCTA |
| -- |
YDXCP |
| -- |
OCLCO |
| -- |
BDX |
| -- |
OCLCF |
| -- |
OCLCQ |
| -- |
HRM |
| -- |
CLE |
| -- |
YDX |
| -- |
OCLCO |
| -- |
TOH |
| -- |
FMF |
| -- |
RB0 |
| -- |
KH8 |
| 042 ## - AUTHENTICATION CODE |
| Authentication code |
nbic |
| 043 ## - GEOGRAPHIC AREA CODE |
| Geographic area code |
n-us-pa |
| 082 00 - DEWEY DECIMAL CLASSIFICATION NUMBER |
| Classification number |
812.54 NOT |
| Edition number |
23 |
| 100 1# - MAIN ENTRY--PERSONAL NAME |
| Personal name |
Nottage, Lynn, |
| Relator term |
author. |
| 245 10 - TITLE STATEMENT |
| Title |
Sweat / |
| Statement of responsibility, etc. |
Lynn Nottage. |
| 250 ## - EDITION STATEMENT |
| Edition statement |
First edition. |
| 264 #1 - PRODUCTION, PUBLICATION, DISTRIBUTION, MANUFACTURE, AND COPYRIGHT NOTICE |
| Place of production, publication, distribution, manufacture |
New York : |
| Name of producer, publisher, distributor, manufacturer |
Theatre Communications Group, |
| Date of production, publication, distribution, manufacture, or copyright notice |
[2017] |
| 264 #4 - PRODUCTION, PUBLICATION, DISTRIBUTION, MANUFACTURE, AND COPYRIGHT NOTICE |
| Date of production, publication, distribution, manufacture, or copyright notice |
©2017. |
| 300 ## - PHYSICAL DESCRIPTION |
| Extent |
112 pages ; |
| Dimensions |
22 cm. |
| 336 ## - CONTENT TYPE |
| Content type term |
text |
| Content type code |
txt |
| Source |
rdacontent. |
| 337 ## - MEDIA TYPE |
| Media type term |
unmediated |
| Media type code |
n |
| Source |
rdamedia. |
| 338 ## - CARRIER TYPE |
| Carrier type term |
volume |
| Carrier type code |
nc |
| Source |
rdacarrier. |
| 520 ## - SUMMARY, ETC. |
| Summary, etc. |
"Winner of the 2016 Susan Smith Blackburn Prize "From first moments to last, this compassionate but clear-eyed play throbs with heartfelt life, with characters as complicated as any you'll encounter at the theater today, and with a nifty ticking time bomb of a plot. That the people onstage are middle-class or lower-middle-class folks - too rarely given ample time on American stages - makes the play all the more vital a contribution to contemporary drama. If I had pompoms, I'd be waving them now."--Charles Isherwood, The New York Times No stranger to dramas both heartfelt and heart-rending, Pulitzer Prize-winning playwright Lynn Nottage has written one of her most exquisitely devastating tragedies to date. In one of the poorest cities in America, Reading, Pennsylvania, a group of down-and-out factory workers struggles to keep their present lives in balance, ignorant of the financial devastation looming in their near futures. Set in 2008, the powerful crux of this new play is knowing the fate of the characters long before it's even in their sights. Based on Nottage's extensive research and interviews with real residents of Reading, Sweat is a topical reflection of the present and poignant outcome of America's economic decline. Lynn Nottage's plays include the Pulitzer Prize-winning Ruined; Intimate Apparel, the most widely produced play of the 2005-2006 theater season in America, By the Way, Meet Vera Stark, Fabulation, or the Re-Education of Undine; Crumbs from the Table of Joy; Las Meninas; Mud, River, Stone; Por'knockers, and POOF!"-- |
| Assigning source |
Provided by publisher. |
| 586 ## - AWARDS NOTE |
| Awards note |
Pulitzer Prize for Drama, 2017. |
| 650 #0 - SUBJECT ADDED ENTRY--TOPICAL TERM |
| Topical term or geographic name entry element |
City and town life |
| Geographic subdivision |
Pennsylvania |
| -- |
Reading |
| Form subdivision |
Drama. |
| 650 #0 - SUBJECT ADDED ENTRY--TOPICAL TERM |
| Topical term or geographic name entry element |
Global Financial Crisis, 2008-2009 |
| Form subdivision |
Drama. |
| 650 #0 - SUBJECT ADDED ENTRY--TOPICAL TERM |
| Topical term or geographic name entry element |
Interpersonal relations |
| Form subdivision |
Drama. |
| 650 #7 - SUBJECT ADDED ENTRY--TOPICAL TERM |
| Topical term or geographic name entry element |
City and town life. |
| Source of heading or term |
fast |
| Authority record control number or standard number |
(OCoLC)fst00862081. |
| 650 #7 - SUBJECT ADDED ENTRY--TOPICAL TERM |
| Topical term or geographic name entry element |
Interpersonal relations. |
| Source of heading or term |
fast |
| Authority record control number or standard number |
(OCoLC)fst00977397. |
| 651 #7 - SUBJECT ADDED ENTRY--GEOGRAPHIC NAME |
| Geographic name |
Pennsylvania |
| Geographic subdivision |
Reading. |
| Source of heading or term |
fast |
| Authority record control number or standard number |
(OCoLC)fst01202803. |
| 655 #7 - INDEX TERM--GENRE/FORM |
| Genre/form data or focus term |
Drama. |
| Source of term |
fast |
| Authority record control number or standard number |
(OCoLC)fst01423879. |
| 942 ## - ADDED ENTRY ELEMENTS (KOHA) |
| Source of classification or shelving scheme |
|
| Koha item type |
Class Set Novel |